000 00749nam a22001937a 4500
999 _c164293
_d164293
005 20190515160904.0
010 _aUR-10127
020 _c100.00
_a9789388105118
035 _aU-8682
037 _bDBAD/PUB
082 _a841
100 _aمناظر عا شق ہر گا نو ی
245 _aر عنا :کو ّثر صد يقی کی ا ختر ا عی صنف
_cمناظر عا شق ہر گا نو ی
246 _b‏Rana :Kausar Siddiqui Ki Ikhtiraee Sinf (Urdu)
_abyManazir Ashiq Harganvi
260 _a Delhi
_bEducational Publishing House
_c2018 ء
270 _a3191،Vakil Street,Kucha Pandit,Lal Kuan,
_bDelhi
_e110006
_k23216162
_l00911123211540
300 _a76ص
_c22 Cm.(bk)
942 _2ddc
_cUR
_h841
_mہ ر گ